000 00892nmm a2200265 a 4500
001 ocm000924605
003 TR-IsHL
005 20201028145525.0
008 150110s2010 tu tur
007 cr cn
020 _a9786055539153
035 _a924605
_b(N$T)
050 0 4 _aPN4775.S4
_bH35 2010
090 0 4 _aPN4775.S4
_bH35 2010
100 1 _aHalıcı, Ercan
245 1 0 _aBasın koçu: marka muhabirinin el kitabı
_h[electronic resource] /
_cErcan Halıcı
260 _aİstanbul :
_bParola Yayınları,
_c2010
300 _a126 p.
650 4 _aMedya ve İletişim
650 4 _aCommunication & Media
650 0 _aGazetecilik
_xEl kitapları, vb.
650 0 _aJournalism
_xHandbooks, manuals, etc.
650 7 _aLANGUAGE ARTS & DISCIPLINES / Journalism
_2bisacsh
856 4 0 _uhttp://search.ebscohost.com/login.aspx?direct=true&scope=site&db=e011xww&AN=924605
999 _c9993
_d9993